000 00798nam a2200241 a 4500
001 BRCA_8190
005 20190320210153.0
008 080514s1960----nyua###f##---#001-0#eng-#
041 _aeng
044 _anyu
050 4 _aNK9103
_b.U5
_c1960
245 1 0 _aEnglish and the other tapestries and textiles
_ctext by Yvonne Hackenbroch.
260 _aNueva York
_bThe Metropolitan Museum of Art
_c1960
300 _alxxxi, 80 p.
_bil. a color, 182 láminas
_c30 cm.
500 _aX105
504 _aBibliografĂ­a p. 72-77
610 2 4 _aHarvard University
_bMetropolitan Museum of Art
_920413
650 1 4 _aTapetes
_vColecciones privadas
_zInglaterra
_920414
650 1 4 _aTextiles
_vColecciones privadas
_zInglaterra
_920415
700 1 _aHackenbroch, Yvonne
_913599
902 _aGFM
942 _2lcc
_cB
999 _c7858
_d7858